Writing, travel, and empire (Record no. 129494)
[ view plain ]
| 000 -LEADER | |
|---|---|
| fixed length control field | 01506nam a2200337Ia 4500 |
| 245 00 - TITLE STATEMENT | |
| Title | Writing, travel, and empire |
| 260 ## - PUBLICATION, DISTRIBUTION, ETC. (IMPRINT) | |
| Place of publication | London ; |
| -- | New York : |
| Name of publisher | I.B. Tauris ; |
| Place of publication | New York : |
| Name of publisher | In the U.S.A. distributed by Palgrave Macmillan, |
| Year of publication | 2007. |
| 300 ## - PHYSICAL DESCRIPTION | |
| Number of Pages | 248 p. : |
| Other physical details | ill., maps. |
| 490 1# - SERIES STATEMENT | |
| Series statement | International library of colonial history ; |
| 650 #0 - SUBJECT ADDED ENTRY--TOPICAL TERM | |
| Topical Term | Travelers' writings, British |
| 700 1# - ADDED ENTRY--PERSONAL NAME | |
| Personal name | Hulme, Peter. |
| Personal name | McDougall, Russell. |
| 856 40 - ELECTRONIC LOCATION AND ACCESS | |
| Uniform Resource Identifier | http://site.ebrary.com/lib/rucke/Doc?id=10217772 |
No items available.
